000 00921nam a2200229Ia 4500
003 GCL
008 140319s9999 xx 000 0 ara d
020 _a5124322977
040 _aGCL /
_cGCL
082 0 4 _a953.0711
_bس ت
100 1 _aسامية مصطفى محمد مسعد
245 1 0 _aالتكوين العنصرى للشعب الاندلسى :
_bواثره على سقوط الاندلس الاسلامية ( 93هـ - 422هـ ) /
_cسامية مصطفى محمد مسعد
250 _aالاولى
260 _aالقاهرة :
_bعين للدراسات والبحوث الانسانية والاجتماعية ،
_c2004
300 _a172 ص ؛
_c24 سم
650 0 4 _aفتح الاندلس
650 0 4 _aالعنصرية
650 0 4 _aالاندلس - تاريخ - الخلفاء الامويون
650 0 4 _aالثورات - الاندلس
650 0 4 _aسقوط الاندلس
942 _2ddc
_cBK
999 _c8724
_d8724